The Word of Islam /

محفوظ في:

مؤلفون آخرون: Williams, John Alden.

التنسيق: كتاب

اللغة: English

منشور في: Austin, TX : University of Texas Press, 1994.

الطبعة: 1st ed.

الموضوعات:

الوسوم: إضافة وسم

لا توجد وسوم, كن أول من يضع وسما على هذه التسجيلة!

رقم الطلب: BP161.2 .W67 1994

LEADER 00727namaa2200253 4500
001 11927
003 OSt
005 20250925073657.0
008 130303s1994 txu b 001 0 eng d
010 |a 93004676 
020 |a 0292790759 
040 |c ARCE Library 
050 4 |a BP161.2 .W67 1994 
245 0 4 |a The Word of Islam /   |c edited by John Alden Williams. 
250 |a 1st ed. 
264 1 |a Austin, TX :   |b University of Texas Press,   |c 1994. 
300 |a viii, 232 pages ;   |c 24 cm. 
504 |a Includes bibliographical references and index. 
650 0 |a Islam. 
700 1 |a Williams, John Alden. 
740 0 |a Lā Ilāh illā Allāh, Muḥammad rasūl Allāh. 
901 |a reviewed 
942 |c BK  |2 lcc 
999 |c 12206  |d 12206